[Event "Cto Aragón Equipos Div Honor Gr II"]
[Site "Aragon"]
[Date "2014.03.08"]
[Round "7.30"]
[White "Martinez Asensio, Juan Miguel"]
[Black "Roche Simon, Manuel Angel"]
[Result "0-1"]
[WhiteElo "2095"]
[BlackElo "2142"]
[PlyCount "96"]
[EventDate "2014.??.??"]
[EventCountry "ESP"]
[WhiteTeam "Agrupacion"]
[BlackTeam "Delicias"]

1. c4 e5 2. g3 Nc6 3. Bg2 g6 4. Nc3 Bg7 5. e4 d6 6. Nge2 h5 7. h4 Be6 8. d3 Qd7
9. Bg5 f6 10. Be3 Nh6 11. Nd5 Ng4 12. Bd2 Nd4 13. Nxd4 exd4 14. Bh3 Bxd5 15.
cxd5 f5 16. O-O O-O 17. Rc1 c5 18. dxc6 bxc6 19. exf5 gxf5 20. Bg2 d5 21. Bf4
Rac8 22. Re1 Rfe8 23. Rc2 Rxe1+ 24. Qxe1 c5 25. Re2 Kf7 26. Qa5 Nf6 27. Bg5 Kg6
28. Qe1 c4 29. Re7 Qc6 30. Rxa7 Re8 31. Re7 Rxe7 32. Qxe7 c3 33. Qe2 c2 34. Bc1
Ne4 35. dxe4 dxe4 36. Qd2 Kf7 37. Qg5 Qg6 38. Kf1 d3 39. Qxg6+ Kxg6 40. Ke1 Bd4
41. Bf1 Kf6 42. f3 Bc5 43. a3 Ke5 44. fxe4 fxe4 45. Bh3 Kd4 46. g4 e3 47. gxh5
Bd6 48. Bf5 Bg3+ 0-1

[Event "Cto Aragón Equipos Div Honor Gr II"]
[Site "Aragon"]
[Date "2014.03.08"]
[Round "7.31"]
[White "Llanes Luno, Pedro Alfredo"]
[Black "Carretero Cacho, Juan Jose"]
[Result "1-0"]
[WhiteElo "2127"]
[BlackElo "2066"]
[PlyCount "67"]
[EventDate "2014.??.??"]
[EventCountry "ESP"]
[WhiteTeam "Delicias"]
[BlackTeam "Agrupacion"]

1. e4 c5 2. Nf3 Nc6 3. Nc3 g6 4. d4 cxd4 5. Nxd4 Bg7 6. Be3 Nf6 7. Nb3 a5 8.
Nd5 Nxd5 9. exd5 a4 10. Nd2 Nb4 11. Nc4 d6 12. a3 Na6 13. Nb6 Bd7 14. Nxa8 Qxa8
15. Bd4 O-O 16. Bxg7 Kxg7 17. Be2 Nc7 18. O-O Qa7 19. Qd2 Kg8 20. Rfe1 e5 21.
dxe6 fxe6 22. Bf3 Qc5 23. Rad1 Ne8 24. Bxb7 Qb6 25. Bf3 Qxb2 26. Qd3 Qf6 27. c4
e5 28. Bd5+ Kh8 29. f3 Qg5 30. Rb1 Nf6 31. Rb7 Bh3 32. f4 exf4 33. Qxh3 Nxd5
34. Qxh7# 1-0

[Event "Cto Aragón Equipos Div Honor Gr II"]
[Site "Aragon"]
[Date "2014.03.08"]
[Round "7.32"]
[White "Larrosa Poves, Jose Manuel"]
[Black "Campo Millan, Diego"]
[Result "1-0"]
[WhiteElo "1990"]
[BlackElo "2069"]
[PlyCount "109"]
[EventDate "2014.??.??"]
[EventCountry "ESP"]
[WhiteTeam "Agrupacion"]
[BlackTeam "Delicias"]

1. d4 Nf6 2. c4 g6 3. Nc3 d5 4. cxd5 Nxd5 5. e4 Nxc3 6. bxc3 Bg7 7. Be3 c5 8.
Nf3 O-O 9. Rc1 Qa5 10. Qd2 Rd8 11. d5 Nd7 12. c4 Qxd2+ 13. Nxd2 b6 14. Be2 Nf6
15. f3 Ne8 16. O-O Nd6 17. f4 f6 18. g4 Re8 19. f5 Bd7 20. Bd3 Nf7 21. Nf3 Bh6
22. Bxh6 Nxh6 23. h3 Nf7 24. fxg6 hxg6 25. e5 Nh8 26. e6 Ba4 27. g5 fxg5 28.
Nxg5 Rf8 29. Rxf8+ Rxf8 30. Rf1 Rxf1+ 31. Kxf1 Kg7 32. h4 Kf6 33. Ke1 Be8 34.
Kd2 a6 35. Ke3 Ke5 36. Ne4 g5 37. Nxg5 Kf6 38. Kf4 Ng6+ 39. Bxg6 Kxg6 40. Ne4
b5 41. Nxc5 bxc4 42. Nxa6 c3 43. Nb4 Ba4 44. Ke5 c2 45. Nxc2 Bxc2 46. d6 exd6+
47. Kxd6 Ba4 48. Ke7 Kh5 49. Kf7 Kxh4 50. e7 Kg5 51. e8=Q Bxe8+ 52. Kxe8 Kf5
53. Kd7 Ke5 54. Kc6 Kd4 55. a4 1-0

[Event "Cto Aragón Equipos Pref Gr I"]
[Site "Aragón"]
[Date "2014.03.08"]
[Round "7.33"]
[White "Pellicer Cemeli, Jose Luis"]
[Black "Gracia Suarez, Jesus"]
[Result "0-1"]
[WhiteElo "2075"]
[BlackElo "2115"]
[PlyCount "96"]
[EventDate "2014.??.??"]
[EventRounds "9"]
[EventCountry "ESP"]
[WhiteTeam "L´Aurora Estadilla B"]
[BlackTeam "Sta Isabel"]

1. e4 c5 2. Nf3 Nc6 3. d4 cxd4 4. Nxd4 Nf6 5. Nc3 d6 6. Bg5 Bd7 7. Qd2 Rc8 8.
f3 Nxd4 9. Qxd4 Qa5 10. Bd2 a6 11. Nd5 Qc5 12. Qxc5 Rxc5 13. c4 e6 14. Ne3 Be7
15. Bd3 O-O 16. Rc1 Rfc8 17. Ke2 Kf8 18. Bb4 R5c7 19. Ba5 b6 20. Bxb6 Rc6 21.
Bd4 d5 22. e5 dxc4 23. Bxc4 Nd5 24. b3 Nf4+ 25. Kd2 Bb4+ 26. Bc3 Bxc3+ 27. Rxc3
Ng6 28. Rhc1 Nxe5 29. Bxa6 Ra8 30. Rxc6 Bxc6 31. Bf1 Rxa2+ 32. Kc3 Ke7 33. Nc2
Bb7 34. b4 Ra8 35. Rd1 Rc8+ 36. Kb2 Nc4+ 37. Bxc4 Rxc4 38. Rd4 Rxd4 39. Nxd4 g5
40. Kc3 h5 41. Kd3 h4 42. Ne2 h3 43. gxh3 Bxf3 44. Ng3 f5 45. Kd4 Kd6 46. b5 f4
47. Ne4+ Bxe4 48. Kxe4 e5 0-1

[Event "Cto Aragón Equipos Pref Gr I"]
[Site "Aragón"]
[Date "2014.03.08"]
[Round "7.34"]
[White "Garcia Gracia, Victor Hugo"]
[Black "Fuentes Espuna, Juan Antonio"]
[Result "1-0"]
[WhiteElo "1980"]
[BlackElo "1920"]
[PlyCount "89"]
[EventDate "2014.??.??"]
[EventRounds "9"]
[EventCountry "ESP"]
[WhiteTeam "Sta Isabel"]
[BlackTeam "L´Aurora Estadilla B"]

1. e4 c5 2. Nf3 Nc6 3. d4 cxd4 4. Nxd4 e6 5. Nc3 Bb4 6. Nxc6 bxc6 7. Qd4 Bxc3+
8. bxc3 Qf6 9. e5 Qe7 10. a4 c5 11. Qe3 Bb7 12. Ba3 Rc8 13. Rb1 Rc7 14. Rb5 Nh6
15. Bxc5 Rxc5 16. Qxc5 Qxc5 17. Rxc5 Ke7 18. f3 Nf5 19. Kf2 Rb8 20. Bd3 Ba8 21.
Rc7 Bc6 22. Rxa7 f6 23. exf6+ Kxf6 24. Re1 Ne7 25. c4 Nc8 26. Ra6 Rb2 27. Be4
Bxe4 28. Rxe4 Rxc2+ 29. Kg3 Ne7 30. Ra7 Rd2 31. a5 g5 32. a6 Nf5+ 33. Kh3 h5
34. Ra8 Rd3 35. Rf8+ Kg6 36. a7 g4+ 37. Rxg4+ hxg4+ 38. Kxg4 Ra3 39. a8=Q Rxa8
40. Rxa8 Ne3+ 41. Kf4 Nxc4 42. Rc8 e5+ 43. Kg3 Ne3 44. Kf2 Nf5 45. Rd8 1-0

[Event "Cto Aragón Equipos Pref Gr I"]
[Site "Aragón"]
[Date "2014.03.08"]
[Round "7.35"]
[White "Puertolas Serena, Arturo"]
[Black "Diaz Boils, Ximo"]
[Result "1/2-1/2"]
[WhiteElo "1917"]
[BlackElo "1975"]
[PlyCount "100"]
[EventDate "2014.??.??"]
[EventRounds "9"]
[EventCountry "ESP"]
[WhiteTeam "L´Aurora Estadilla B"]
[BlackTeam "Sta Isabel"]

1. e4 c5 2. Nf3 d6 3. c3 Nf6 4. h3 a6 5. Qc2 e6 6. d4 Nbd7 7. Bd3 Qc7 8. Be3
Be7 9. Nbd2 O-O 10. Rc1 b5 11. Bf4 h6 12. O-O Bb7 13. e5 Nd5 14. Bg3 Rac8 15.
Ne4 dxe5 16. Nxe5 Nxe5 17. dxe5 Qc6 18. Qe2 Rcd8 19. Bc2 c4 20. f3 Bc5+ 21.
Nxc5 Qxc5+ 22. Bf2 Qc7 23. Qe4 Nf6 24. Qe3 Nd7 25. Rfe1 Rc8 26. Rcd1 Rfd8 27.
Kf1 Bd5 28. Bh4 Re8 29. Bf2 Qb7 30. Qf4 Nc5 31. Bxc5 Rxc5 32. Rd4 b4 33. Be4
Rec8 34. Bxd5 Rxd5 35. Red1 Rxd4 36. Qxd4 bxc3 37. Qxc3 Qb5 38. f4 a5 39. Rd2
Qb4 40. Qxb4 axb4 41. Rc2 Kf8 42. Ke2 Ke7 43. Ke3 g5 44. fxg5 hxg5 45. Kd4 c3
46. bxc3 bxc3 47. Rxc3 Ra8 48. a3 Ra4+ 49. Kd3 Ra5 50. Ke4 Ra4+ 1/2-1/2

[Event "Cto Aragón Equipos Pref Gr I"]
[Site "Aragón"]
[Date "2014.03.08"]
[Round "7.36"]
[White "Perez Boy, Pedro"]
[Black "Landa Galindo, Victor"]
[Result "1/2-1/2"]
[WhiteElo "1829"]
[BlackElo "1904"]
[PlyCount "87"]
[EventDate "2014.??.??"]
[EventRounds "9"]
[EventCountry "ESP"]
[WhiteTeam "Sta Isabel"]
[BlackTeam "L´Aurora Estadilla B"]

1. e4 e6 2. d3 d5 3. Nd2 Nf6 4. Ngf3 Nc6 5. g3 e5 6. Bg2 Bg4 7. O-O Be7 8. c3
dxe4 9. dxe4 O-O 10. Qc2 Qc8 11. Nc4 Qe6 12. Ne3 Bxf3 13. Bxf3 Rfd8 14. Bg2 Bf8
15. Kh1 Rd7 16. Nf5 g6 17. Nh4 Rad8 18. f4 exf4 19. gxf4 Qg4 20. Qf2 Rd1 21.
Be3 Rxa1 22. Rxa1 Rd1+ 23. Rxd1 Qxd1+ 24. Qg1 Qc2 25. e5 Ng4 26. Qc1 Nxe3 27.
Qxe3 Qb1+ 28. Qg1 Qxb2 29. Bd5 Qxc3 30. Nxg6 Bg7 31. Nh4 Ne7 32. Bb3 Qd3 33.
Qf2 Qe4+ 34. Kg1 Nd5 35. Ng2 Qb1+ 36. Qf1 Qxf1+ 37. Kxf1 c6 38. Kf2 Kf8 39. Kf3
Ke7 40. Ke4 Nc3+ 41. Kd3 Nd5 42. Ke4 Nc3+ 43. Kd3 Nd5 44. Ke4 1/2-1/2

[Event "Cto Aragón Equipos Pref Gr I"]
[Site "Aragón"]
[Date "2014.03.08"]
[Round "7.37"]
[White "Navarro Sancho, Rafael"]
[Black "Cebrian Valverde, Jose Antonio"]
[Result "0-1"]
[WhiteElo "1757"]
[BlackElo "2141"]
[PlyCount "50"]
[EventDate "2014.??.??"]
[EventRounds "9"]
[EventCountry "ESP"]
[WhiteTeam "Agrupacion B"]
[BlackTeam "San Jose"]

1. e4 e6 2. d4 d5 3. Nc3 Bb4 4. e5 c5 5. a3 Bxc3+ 6. bxc3 Ne7 7. Qg4 Qc7 8.
Qxg7 Rg8 9. Qxh7 cxd4 10. Ne2 Nbc6 11. Bf4 Bd7 12. h4 Na5 13. Rh3 dxc3 14. Rxc3
Nc4 15. Bg5 Qa5 16. Kd1 Nb2+ 17. Kc1 Na4 18. Rd3 Qe1+ 19. Rd1 Qxf2 20. Rb1 Nc5
21. Nd4 Qg3 22. Nf3 Rc8 23. Bb5 Qxg2 24. Bxd7+ Kxd7 25. Qxf7 Nd3+ 0-1

[Event "Cto Aragón Equipos Pref Gr I"]
[Site "Aragón"]
[Date "2014.03.08"]
[Round "7.38"]
[White "Gimeno Oteo, Marco Antonio"]
[Black "Zubialde Ayala, Gonzalo"]
[Result "1-0"]
[WhiteElo "2121"]
[BlackElo "1731"]
[PlyCount "71"]
[EventDate "2014.??.??"]
[EventRounds "9"]
[EventCountry "ESP"]
[WhiteTeam "San Jose"]
[BlackTeam "Agrupacion B"]

1. e4 e5 2. Nf3 Nc6 3. Bc4 Bc5 4. b4 Bxb4 5. c3 Bc5 6. d4 exd4 7. O-O d6 8.
cxd4 Bb6 9. Bb2 Bg4 10. Bb5 d5 11. exd5 Qxd5 12. Qe1+ Be6 13. Nc3 Qf5 14. d5
Nge7 15. dxe6 fxe6 16. Ne5 O-O 17. Nxc6 Nxc6 18. Bxc6 bxc6 19. Ne4 Rab8 20. Rd1
Ba5 21. Bc3 Bxc3 22. Nxc3 Rb2 23. Rd2 Rb4 24. Qe3 Rh4 25. Re1 Rf6 26. Rd8+ Kf7
27. Rd7+ Kg8 28. Rxc7 h6 29. Rxc6 Qh5 30. h3 Rg6 31. Kh2 Qg4 32. Qg3 Qh5 33.
Qb8+ Kh7 34. Rc8 Rf6 35. Rh8+ Kg6 36. Qe8+ 1-0

[Event "Cto Aragón Equipos Pref Gr I"]
[Site "Aragón"]
[Date "2014.03.08"]
[Round "7.39"]
[White "Manguez Tomas, Andres"]
[Black "Gutierrez Mingueza, Ruben"]
[Result "0-1"]
[WhiteElo "1673"]
[BlackElo "2081"]
[PlyCount "66"]
[EventDate "2014.??.??"]
[EventRounds "9"]
[EventCountry "ESP"]
[WhiteTeam "Agrupacion B"]
[BlackTeam "San Jose"]

1. e4 c5 2. Nf3 Nc6 3. d4 cxd4 4. Nxd4 Nf6 5. Nc3 e5 6. Ndb5 d6 7. Bg5 a6 8.
Na3 b5 9. Bxf6 gxf6 10. Nd5 Bg7 11. Bxb5 axb5 12. Nxb5 O-O 13. Ndc7 Rb8 14.
Qxd6 Qxd6 15. Nxd6 Rxb2 16. c3 Ne7 17. O-O f5 18. Rfe1 fxe4 19. Rxe4 Rd8 20.
Nc4 Rxa2 21. Ree1 Rxa1 22. Rxa1 e4 23. h3 Bxc3 24. Rc1 Bd4 25. Nb5 Ba6 26. Nxd4
Rxd4 27. Ne3 Bc8 28. Rc7 Kf8 29. Rc5 f5 30. Nc2 Rd1+ 31. Kh2 Ke8 32. Kg3 Rd2
33. Rc3 Kf7 0-1

[Event "Cto Aragón Equipos Pref Gr I"]
[Site "Aragón"]
[Date "2014.03.08"]
[Round "7.40"]
[White "Glaria Tevar, Salvador"]
[Black "Serrat Claver, David"]
[Result "1/2-1/2"]
[WhiteElo "1850"]
[BlackElo "1631"]
[PlyCount "42"]
[EventDate "2014.??.??"]
[EventRounds "9"]
[EventCountry "ESP"]
[WhiteTeam "San Jose"]
[BlackTeam "Agrupacion B"]

1. f4 d5 2. Nf3 Nc6 3. e3 Bg4 4. Bb5 e6 5. O-O f5 6. b3 Nf6 7. Bb2 Bd6 8. d3
O-O 9. Bxc6 bxc6 10. Nbd2 Qe7 11. Qe1 Bxf3 12. Nxf3 a5 13. Ne5 Bxe5 14. Bxe5
Ng4 15. Bb2 Qc5 16. Bd4 Qe7 17. Qc3 Ra6 18. h3 Nh6 19. Bc5 Qf6 20. Bd4 Qe7 21.
Bc5 Qf6 1/2-1/2

[Event "Cto Aragón Equipos Pref Gr I"]
[Site "Aragón"]
[Date "2014.03.08"]
[Round "7.41"]
[White "Fontana Sotomayor, Luis Javier"]
[Black "Ainsa Claver, Ignacio"]
[Result "1-0"]
[WhiteElo "2323"]
[BlackElo "1968"]
[PlyCount "71"]
[EventDate "2014.??.??"]
[EventRounds "9"]
[EventCountry "ESP"]
[WhiteTeam "Jaime Casas B"]
[BlackTeam "Sabiñanigo"]

1. d4 d5 2. Nf3 Nf6 3. e3 e6 4. Bd3 Be7 5. O-O O-O 6. b3 b6 7. Bb2 Bb7 8. Nbd2
Nbd7 9. Ne5 Ne4 10. f4 f6 11. Nxd7 Qxd7 12. c4 c5 13. cxd5 Nxd2 14. dxe6 Qxe6
15. Qxd2 f5 16. Rad1 Kh8 17. Rfe1 Qg6 18. Qf2 Bh4 19. g3 Rae8 20. Bf1 Be7 21.
d5 Bd6 22. Bg2 Re7 23. Qc2 Rfe8 24. Qd3 h5 25. Re2 Qg4 26. Rde1 h4 27. Kf2 Kg8
28. e4 fxe4 29. Rxe4 Bc8 30. Rxe7 Rxe7 31. Rxe7 Bxe7 32. d6 Bf6 33. Bxf6 gxf6
34. Bc6 Bd7 35. Bxd7 Qxd7 36. Qg6+ 1-0

[Event "Cto Aragón Equipos Pref Gr I"]
[Site "Aragón"]
[Date "2014.03.08"]
[Round "7.42"]
[White "Calleja Sanchez, Alfredo"]
[Black "Delgado Crespo, Mairelys"]
[Result "1/2-1/2"]
[WhiteElo "1894"]
[BlackElo "2259"]
[PlyCount "108"]
[EventDate "2014.??.??"]
[EventRounds "9"]
[EventCountry "ESP"]
[WhiteTeam "Sabiñanigo"]
[BlackTeam "Jaime Casas B"]

1. e4 e6 2. d3 d5 3. Nd2 Nf6 4. Ngf3 Nc6 5. g3 Bc5 6. Bg2 e5 7. O-O O-O 8. Nb3
Bb6 9. exd5 Nxd5 10. c4 Ndb4 11. c5 Ba5 12. Nxa5 Nxa5 13. Bd2 Nac6 14. Nxe5
Nxe5 15. Bxb4 Bg4 16. Qb3 c6 17. Qc3 Nf3+ 18. Kh1 a5 19. Ba3 Qd4 20. h3 Bh5 21.
g4 Qf4 22. Bxf3 Qxf3+ 23. Kh2 Qf4+ 24. Kg2 Bg6 25. b3 Rfd8 26. Rad1 Rd5 27. Bc1
Qb4 28. Qxb4 axb4 29. d4 Rxa2 30. Rfe1 Kf8 31. Bf4 f6 32. Bd6+ Kg8 33. Re7 h5
34. Rxb7 hxg4 35. hxg4 Be4+ 36. Kg3 Rb2 37. Rxb4 Bc2 38. Ra1 Rxb3+ 39. Rxb3
Bxb3 40. Ra6 Rxd4 41. Rxc6 Bd1 42. f4 g5 43. Rc8+ Kg7 44. Rd8 gxf4+ 45. Kf2 Kf7
46. Bc7 Rxd8 47. Bxd8 Bxg4 48. c6 Ke6 49. c7 Ke5 50. Be7 Bc8 51. Bd8 f5 52. Bh4
Ke4 53. Bg5 Bb7 54. Bd8 Bc8 1/2-1/2

[Event "Cto Aragón Equipos Pref Gr I"]
[Site "Aragón"]
[Date "2014.03.08"]
[Round "7.43"]
[White "Maza Broto, Pablo"]
[Black "Climente Martinez, Jose Luis"]
[Result "1/2-1/2"]
[WhiteElo "2045"]
[BlackElo "1888"]
[PlyCount "119"]
[EventDate "2014.??.??"]
[EventRounds "9"]
[EventCountry "ESP"]
[WhiteTeam "Jaime Casas B"]
[BlackTeam "Sabiñanigo"]

1. d4 d5 2. Nf3 Nf6 3. e3 Bf5 4. c4 c6 5. Nc3 e6 6. Nh4 Bg6 7. Nxg6 hxg6 8. Qb3
Qc7 9. h3 Nbd7 10. Bd2 Be7 11. cxd5 exd5 12. Bd3 Nf8 13. O-O-O Ne6 14. Kb1
O-O-O 15. Rc1 Kb8 16. Qa4 Qb6 17. Ne2 a5 18. Qxa5 Qxa5 19. Bxa5 Rd7 20. f4 Ne4
21. Bxe4 dxe4 22. g4 Rd5 23. Be1 f5 24. Nc3 Rdd8 25. Bg3 Nc7 26. gxf5 gxf5 27.
Rcg1 Rh7 28. Bf2 Ne6 29. h4 Rdh8 30. Rg6 Nf8 31. Rg2 Ne6 32. a3 g5 33. fxg5
Nxg5 34. Bg3+ Ka7 35. Be5 Rd8 36. hxg5 Rxh1+ 37. Kc2 Rg8 38. g6 Rh6 39. g7 Bf6
40. Rf2 Bxe5 41. dxe5 Rh5 42. Rg2 Rh7 43. Rg5 Rhxg7 44. Rxf5 Rg2+ 45. Kb3 R8g5
46. Rxg5 Rxg5 47. Kc4 Rxe5 48. Kd4 Re7 49. Nxe4 Kb6 50. Nc5 Kb5 51. e4 b6 52.
Nb3 c5+ 53. Ke3 c4 54. Nd4+ Kc5 55. Nf5 Rd7 56. e5 Rd3+ 57. Ke4 Rd2 58. e6 Re2+
59. Ne3 Kd6 60. Kf3 1/2-1/2

[Event "Cto Aragón Equipos Pref Gr I"]
[Site "Aragón"]
[Date "2014.03.08"]
[Round "7.44"]
[White "Garcia Estruch, Jorge"]
[Black "Rodriguez Leiva, Manuel"]
[Result "0-1"]
[WhiteElo "1869"]
[BlackElo "1992"]
[PlyCount "86"]
[EventDate "2014.??.??"]
[EventRounds "9"]
[EventCountry "ESP"]
[WhiteTeam "Sabiñanigo"]
[BlackTeam "Jaime Casas B"]

1. e4 e6 2. d4 d5 3. e5 c5 4. c3 Nc6 5. Nf3 Qb6 6. Bd3 Bd7 7. Bc2 Rc8 8. dxc5
Bxc5 9. O-O Qc7 10. Bf4 Nge7 11. Qe2 Ng6 12. Bg3 O-O 13. h4 a6 14. Bh2 h6 15.
Qd3 Rfe8 16. Nbd2 Be7 17. h5 Nf8 18. Rac1 Na5 19. a4 b5 20. Nd4 Nc4 21. Nxc4
bxc4 22. Qe2 Qb6 23. Bf4 f5 24. g4 Qxb2 25. gxf5 exf5 26. Qf3 Qb7 27. Rb1 Qa8
28. Nxf5 Bxf5 29. Bxf5 Rcd8 30. Qg3 Qc6 31. Kh2 Nh7 32. a5 Rb8 33. Rg1 Ng5 34.
Qg2 Rb3 35. Be3 Rxc3 36. Rb6 Qc7 37. Qxd5+ Kh8 38. Rg3 Rf8 39. Bg6 Rd8 40. Qb7
Qxe5 41. Rxa6 Rxe3 42. Ra8 Rxg3 43. fxg3 Qe2+ 0-1

[Event "Cto Aragón Equipos Pref Gr I"]
[Site "Aragón"]
[Date "2014.03.08"]
[Round "7.45"]
[White "Donoso Sanchez, Alejandro"]
[Black "Aparicio Navarro, Pedro"]
[Result "1-0"]
[WhiteElo "2212"]
[BlackElo "2169"]
[PlyCount "83"]
[EventDate "2014.??.??"]
[EventRounds "9"]
[EventCountry "ESP"]
[WhiteTeam "CMU Pedro Cerbuna"]
[BlackTeam "Helios B"]

1. e4 c5 2. Nc3 Nc6 3. g3 e6 4. Bg2 Nf6 5. Nge2 d5 6. exd5 Nxd5 7. O-O Nxc3 8.
bxc3 Be7 9. d4 O-O 10. Be3 Qa5 11. Qd3 Rd8 12. Rab1 cxd4 13. cxd4 Bf6 14. Rfd1
g6 15. c4 Qa6 16. Qc2 Bd7 17. Nc3 b6 18. Nb5 Rac8 19. Nd6 Rc7 20. c5 Ne7 21.
Qd2 Nd5 22. Bf1 Qa4 23. Rdc1 Nxe3 24. fxe3 bxc5 25. Ne4 Be7 26. Nxc5 Bxc5 27.
Rxc5 Rxc5 28. dxc5 Rc8 29. Rb4 Qc6 30. Bb5 Qxc5 31. Bxd7 Rd8 32. Rd4 e5 33. Rd5
Qc7 34. Be6 Rf8 35. Rd7 Qb6 36. Bb3 Qc6 37. Rxa7 h5 38. Qf2 Qc1+ 39. Kg2 Qc6+
40. Qf3 e4 41. Qf2 Qe8 42. Qf6 1-0

[Event "Cto Aragón Equipos Pref Gr I"]
[Site "Aragón"]
[Date "2014.03.08"]
[Round "7.46"]
[White "Montes Santos, Lorenzo"]
[Black "Sacristan Latorre, Alberto"]
[Result "1-0"]
[WhiteElo "2049"]
[BlackElo "2061"]
[PlyCount "83"]
[EventDate "2014.??.??"]
[EventRounds "9"]
[EventCountry "ESP"]
[WhiteTeam "Helios B"]
[BlackTeam "CMU Pedro Cerbuna"]

1. Nf3 d6 2. c4 g6 3. Nc3 Bg7 4. d4 Nf6 5. g3 O-O 6. Bg2 Nbd7 7. O-O e5 8. b3
a5 9. e3 Re8 10. Bb2 Nh5 11. dxe5 Nxe5 12. Nxe5 Bxe5 13. Qd2 c6 14. f4 Bg7 15.
Bf3 Bh3 16. Rfe1 Nf6 17. Rad1 Ng4 18. Ne4 d5 19. Ng5 Bxb2 20. Nxh3 Nxe3 21.
Qxb2 Nxd1 22. Rxd1 Qc8 23. Nf2 dxc4 24. Ne4 Rxe4 25. Bxe4 cxb3 26. Qxb3 Qg4 27.
Bf3 Qf5 28. Qd3 Qc5+ 29. Qd4 Qa3 30. Qf2 Re8 31. f5 Qc3 32. fxg6 hxg6 33. Rf1
Qc4 34. h4 Re5 35. Kg2 c5 36. Rd1 b5 37. Rd8+ Kg7 38. Qb2 f6 39. Rd7+ Kf8 40.
Qd2 Qe6 41. Ra7 Qe8 42. Qh6+ 1-0

[Event "Cto Aragón Equipos Pref Gr I"]
[Site "Aragón"]
[Date "2014.03.08"]
[Round "7.47"]
[White "Gella Bitrian, Diego"]
[Black "Prat Guisado, Christian"]
[Result "1-0"]
[WhiteElo "2054"]
[BlackElo "2033"]
[PlyCount "39"]
[EventDate "2014.??.??"]
[EventRounds "9"]
[EventCountry "ESP"]
[WhiteTeam "CMU Pedro Cerbuna"]
[BlackTeam "Helios B"]

1. e4 c6 2. d4 d5 3. exd5 cxd5 4. c4 Nf6 5. Nc3 Nc6 6. Nf3 Bg4 7. cxd5 Nxd5 8.
Qb3 Bxf3 9. gxf3 Nb6 10. d5 Nd4 11. Qd1 e5 12. dxe6 fxe6 13. Be3 Nc6 14. Qb3
Qf6 15. Bh3 Nb4 16. O-O-O N4d5 17. Qb5+ Kf7 18. Nxd5 exd5 19. Bxb6 Qh6+ 20. Be3
1-0

[Event "Cto Aragón Equipos Pref Gr I"]
[Site "Aragón"]
[Date "2014.03.08"]
[Round "7.48"]
[White "Flores, Francisco"]
[Black "Biarge Carnicer, Arturo"]
[Result "0-1"]
[WhiteElo "1834"]
[BlackElo "1898"]
[PlyCount "160"]
[EventDate "2014.??.??"]
[EventRounds "9"]
[EventCountry "ESP"]
[WhiteTeam "Helios B"]
[BlackTeam "CMU Pedro Cerbuna"]

1. e4 c5 2. Nf3 d6 3. d4 Nf6 4. Nc3 cxd4 5. Nxd4 a6 6. Be3 e5 7. Nb3 Be6 8. f3
Be7 9. Qd2 b5 10. O-O-O O-O 11. g4 Nbd7 12. h4 Nb6 13. h5 b4 14. Qf2 bxc3 15.
Bxb6 cxb2+ 16. Kb1 Qb8 17. g5 Nd7 18. Be3 a5 19. f4 exf4 20. Bxf4 Ne5 21. Nd4
Qb4 22. Nxe6 fxe6 23. Qg3 Rac8 24. Bxe5 Qxe4 25. Bd3 Qxe5 26. Qxe5 dxe5 27. g6
h6 28. Rhe1 Bf6 29. Bb5 Rb8 30. a4 Rfd8 31. Kxb2 Kf8 32. c4 Ke7 33. Kc2 Rd4 34.
Rd3 Kd6 35. Red1 Kc5 36. Re1 Rbd8 37. Red1 e4 38. Rxd4 Rxd4 39. Rxd4 Kxd4 40.
Kd2 Ke5 41. Bc6 Be7 42. Ke2 Kf4 43. Bb7 Bc5 44. Bc6 e5 45. Bd5 Kg4 46. Bxe4
Kxh5 47. Kf3 Kg5 48. Kg3 h5 49. Bc2 Bb4 50. Be4 h4+ 51. Kh3 Kf4 52. Bd5 e4 53.
Kg2 Ke3 54. Kf1 Kd3 55. Bc6 e3 56. Bf3 Kxc4 57. Ke2 Bc5 58. Bg4 Kd4 59. Bh3 Ke5
60. Kf3 Kf6 61. Bf1 Kxg6 62. Kg4 Be7 63. Be2 Bg5 64. Bd3+ Kf6 65. Be2 Kg6 66.
Bd3+ Kh6 67. Be2 Bd8 68. Kf3 Bb6 69. Kg4 g5 70. Bd3 Bc7 71. Be2 Bf4 72. Bf1 Kg7
73. Kf3 Kf6 74. Bh3 Ke5 75. Ke2 Kd4 76. Ke1 Ke4 77. Ke2 Be5 78. Bg2+ Kf4 79.
Bf3 g4 80. Bg2 h3 0-1

[Event "Cto Aragón Equipos Pref Gr I"]
[Site "Aragón"]
[Date "2014.03.08"]
[Round "7.49"]
[White "Del Corral Abancens, Alfonso"]
[Black "Faro Perella, Alberto"]
[Result "1/2-1/2"]
[WhiteElo "1895"]
[BlackElo "1938"]
[PlyCount "63"]
[EventDate "2014.??.??"]
[EventRounds "9"]
[EventCountry "ESP"]
[WhiteTeam "Shatranj"]
[BlackTeam "Binefar"]

1. e4 c5 2. d4 b6 3. dxc5 bxc5 4. Nf3 Nc6 5. Bc4 g6 6. O-O e6 7. Nc3 d6 8. Bf4
Bb7 9. Nb5 e5 10. Bg5 Qd7 11. Qd2 f6 12. Be3 a6 13. Nc3 Nd4 14. Ne1 Ne7 15. Rd1
f5 16. f3 f4 17. Bf2 g5 18. Nb1 g4 19. c3 gxf3 20. cxd4 fxg2 21. Nxg2 Qg4 22.
dxe5 Bxe4 23. Bg3 dxe5 24. Nxf4 Bh6 25. Qe2 Bf5 26. Qxe5 Qg7 27. Qxc5 Rc8 28.
Qb4 Bxb1 29. Qa4+ Rc6 30. Rxb1 Qd4+ 31. Kg2 Bxf4 32. Rbc1 1/2-1/2

[Event "Cto Aragón Equipos Pref Gr I"]
[Site "Aragón"]
[Date "2014.03.08"]
[Round "7.50"]
[White "Arino Castan, Federico"]
[Black "Munoz Bornao, Miguel Angel"]
[Result "1-0"]
[WhiteElo "1778"]
[BlackElo "1764"]
[PlyCount "86"]
[EventDate "2014.??.??"]
[EventRounds "9"]
[EventCountry "ESP"]
[WhiteTeam "Binefar"]
[BlackTeam "Shatranj"]

1. d4 d5 2. c4 e6 3. Nc3 Nf6 4. Bg5 Nbd7 5. e3 c6 6. a3 Bd6 7. Nf3 O-O 8. Be2
Qc7 9. c5 Be7 10. Bf4 Qd8 11. O-O Nh5 12. Be5 f6 13. Bg3 Nxg3 14. hxg3 e5 15.
b4 Re8 16. Qc2 Qc7 17. Rfd1 Nf8 18. e4 dxe4 19. Qxe4 exd4 20. Nxd4 Qe5 21. Qxe5
fxe5 22. Bc4+ Kh8 23. Nde2 Bf5 24. f3 Rad8 25. Bf7 Rxd1+ 26. Rxd1 Rd8 27. Rxd8
Bxd8 28. g4 Bd3 29. Kf2 Nd7 30. Ke3 Bc2 31. Kd2 Bg6 32. Bxg6 hxg6 33. Ne4 Bc7
34. Ng5 Nf6 35. Kd3 Nd5 36. Ne6 Bb8 37. Nd8 Kg8 38. Nxb7 Bc7 39. Nd6 Bxd6 40.
cxd6 Kf7 41. d7 Ke7 42. d8=Q+ Kxd8 43. Ke4 Kd7 1-0

[Event "Cto Aragón Equipos Pref Gr I"]
[Site "Aragón"]
[Date "2014.03.08"]
[Round "7.51"]
[White "Ballonga Arruebo, Alejandro"]
[Black "Bayona Bafaluy, Jose Maria"]
[Result "0-1"]
[WhiteElo "1696"]
[BlackElo "1759"]
[PlyCount "91"]
[EventDate "2014.??.??"]
[EventRounds "9"]
[EventCountry "ESP"]
[WhiteTeam "Shatranj"]
[BlackTeam "Binefar"]

1. c4 Nf6 2. Nc3 e6 3. e4 d5 4. e5 d4 5. exf6 dxc3 6. fxg7 cxd2+ 7. Bxd2 Bxg7
8. Qc2 Nc6 9. Nf3 Bd7 10. Bd3 Qe7 11. a3 O-O-O 12. O-O-O h6 13. Rhe1 Nd4 14.
Nxd4 Bxd4 15. Be3 c5 16. Be4 e5 17. Bf5 Kc7 18. f4 f6 19. Bxd4 cxd4 20. Bxd7
Rxd7 21. Qf5 Re8 22. fxe5 fxe5 23. Re4 Qc5 24. Kb1 b6 25. b4 Qe7 26. Rde1 d3
27. Rxe5 Qxe5 28. Rxe5 d2 29. Qxd7+ Kxd7 30. Rd5+ Kc6 31. Rxd2 Re3 32. Kb2 a5
33. Rf2 a4 34. Rf3 Re2+ 35. Kc3 Rxg2 36. Rf6+ Kb7 37. Rxh6 Ra2 38. b5 Rxa3+ 39.
Kb4 Ra1 40. Rh7+ Kb8 41. Rh3 Ra2 42. c5 Rb2+ 43. Kxa4 bxc5 44. Ka5 c4 45. Ka6
Kc7 46. Rh7+ 0-1

[Event "Cto Aragón Equipos Pref Gr I"]
[Site "Aragón"]
[Date "2014.03.08"]
[Round "7.52"]
[White "Rosa Garcia, Jesus"]
[Black "Santos Hernandez, Higinio"]
[Result "1-0"]
[WhiteElo "1689"]
[BlackElo "1660"]
[PlyCount "52"]
[EventDate "2014.??.??"]
[EventRounds "9"]
[EventCountry "ESP"]
[WhiteTeam "Binefar"]
[BlackTeam "Shatranj"]

1. b4 e5 2. Bb2 Bxb4 3. Bxe5 Nf6 4. Nf3 O-O 5. e3 d5 6. Be2 Nc6 7. Bb2 Bf5 8.
O-O Qe7 9. c3 Bd6 10. d4 Rfe8 11. Nbd2 a6 12. c4 dxc4 13. Nxc4 Rad8 14. Nxd6
Qxd6 15. Nh4 Be4 16. Qb3 Bd5 17. Qa3 Qxa3 18. Bxa3 Nxd4 19. Bd3 Nc6 20. Rfc1
Bxg2 21. Bxh7+ Kxh7 22. Kxg2 Rd2 23. Nf3 Rd7 24. Bb2 Ne4 25. Rc4 Nd2 26. Rh4+
Kg8 1-0